Statistics for Major League Baseball's Top Ten Left Fielders

Click here to take the quiz!

General Stats

  • This quiz has been taken 134 times
  • The average score is 7 of 10

Answer Stats

HintAnswer% Correct
GiantsBarry Bonds
95%
Red SoxTed Williams
95%
A'sRickey Henderson
88%
RedsPete Rose
71%
Red SoxCarl Yastrzemski
65%
Red SoxManny Ramirez
65%
PiratesWillie Stargell
64%
White SoxShoeless Joe Jackson
55%
ExposTim Raines
49%
A'sAl Simmons
17%

Score Distribution

Percentile by Number Answered

Percent of People with Each Score

Your Score History

You have not taken this quiz